De Tales a Newton: ciencia para personas inteligentes

Guardat en:
Dades bibliogràfiques
Autor principal: Meléndez Sánchez, Juan (autor)
Format: Llibre
Idioma:espanyol
Publicat: Pontevedra Ellago Ediciones 2013
Edició:1a. ed
Col·lecció:Colección Las Islas, 28
Matèries:
Etiquetes: Afegir etiqueta
Sense etiquetes, Sigues el primer a etiquetar aquest registre!

MARC

LEADER 00000cam a2200000 a 4500
001 UCE9326
003 CL-VaPUC
005 20220819115608.0
008 151016e20130000sp |||||||||||||||||spa|d
999 |c 360995  |d 360993 
020 |a 9788492965328 
040 |c Pontificia Universidad Católica de Valparaíso 
082 0 4 |a 530.01  |b MEL  |2 21 
100 |a Meléndez Sánchez, Juan  |e autor  |9 582143 
245 1 0 |a De Tales a Newton: ciencia para personas inteligentes 
250 |a 1a. ed 
260 |a Pontevedra  |b Ellago Ediciones  |c 2013 
300 |a 406 p 
490 0 |a Colección Las Islas, 28 
583 |a last modification  |c 20170809 03:57:55  |k Rodrigo Vera 
600 |a Tales de Mileto,  |d ca. 624 A.C.-ca.546 A.C.  |9 875682 
600 |a Newton, Isaac,   |d 1642-1727  |9 875680 
650 0 |a Ciencias  |9 327866 
650 0 |a Filosofía de las ciencias  |9 256466 
650 0 |a Historia de las ciencias   |9 264975 
942 |c BK  |2 ddc 
945 |d 20151016 11:50:00  |a dcastane